|
|
|
|
| LEADER |
02840nam a22003853i 4500 |
| 001 |
EBC31377007 |
| 003 |
MiAaPQ |
| 005 |
20240729202206.0 |
| 006 |
m o d | |
| 007 |
cr cnu|||||||| |
| 008 |
240729s2024 xx o ||||0 eng d |
| 020 |
|
|
|a 9789180756877
|q (electronic bk.)
|
| 020 |
|
|
|z 9789180756860
|
| 035 |
|
|
|a (MiAaPQ)EBC31377007
|
| 035 |
|
|
|a (Au-PeEL)EBL31377007
|
| 035 |
|
|
|a (OCoLC)1439601982
|
| 040 |
|
|
|a MiAaPQ
|b eng
|e rda
|e pn
|c MiAaPQ
|d MiAaPQ
|
| 100 |
1 |
|
|a Nordström, Joakim.
|
| 245 |
1 |
0 |
|a Deformation Twinning in Corrosion-Resistant Nickel Alloys :
|b With a Rising Nickel Content.
|
| 250 |
|
|
|a 1st ed.
|
| 264 |
|
1 |
|a Linköping :
|b Linkopings Universitet,
|c 2024.
|
| 264 |
|
4 |
|c {copy}2024.
|
| 300 |
|
|
|a 1 online resource (59 pages)
|
| 336 |
|
|
|a text
|b txt
|2 rdacontent
|
| 337 |
|
|
|a computer
|b c
|2 rdamedia
|
| 338 |
|
|
|a online resource
|b cr
|2 rdacarrier
|
| 490 |
1 |
|
|a Linköping Studies in Science and Technology. Licentiate Thesis Series ;
|v v.1998
|
| 505 |
0 |
|
|a Intro -- Abstract -- Sammanfattning på svenska -- Acknowledgement -- List of papers -- Table of Contents -- List of abbreviations -- 1 Introduction -- 1.1 Project objective and overall research question -- 1.2 Research question in respective paper: -- 2 Background -- 3 Definitions in this thesis -- 3.1 Corrosion-resistant alloys -- 3.2 Twinning means deformation twinning -- 4 Fundamentals -- 4.1 Materials -- Sanicro 28 or Alloy 28 -- Alloy 625 -- 4.2 Metal working (tube manufacturing) -- Strain-hardening -- Hot extrusion -- Cold drawing -- Cold pilgering -- 5 Experimental methodology -- 5.1 Material -- 5.2 Tensile test -- 5.3 Strain-hardening rate -- 5.4 Sample preparation -- 5.5 Microstructural characterization -- Fractography -- SEM-EBSD -- SEM ECCI -- TEM -- 5.6 X-Ray (texture) -- 5.7 DFT calculation of stacking fault energy -- 5.8 DAMASK -- 6 Results and discussion -- 6.1 Mechanical behaviour -- Tensile test -- Strain-hardening -- Microstructure -- Fracture -- 6.2 DFT calculations -- 6.3 Mechanical behaviour simulation by DAMASK -- 6.4 Concluding discussion -- 7 Conclusions -- 8 Future works -- Bibliography -- Papers.
|
| 588 |
|
|
|a Description based on publisher supplied metadata and other sources.
|
| 590 |
|
|
|a Electronic reproduction. Ann Arbor, Michigan : ProQuest Ebook Central, 2024. Available via World Wide Web. Access may be limited to ProQuest Ebook Central affiliated libraries.
|
| 655 |
|
4 |
|a Electronic books.
|
| 776 |
0 |
8 |
|i Print version:
|a Nordström, Joakim
|t Deformation Twinning in Corrosion-Resistant Nickel Alloys
|d Linköping : Linkopings Universitet,c2024
|z 9789180756860
|
| 797 |
2 |
|
|a ProQuest (Firm)
|
| 830 |
|
0 |
|a Linköping Studies in Science and Technology. Licentiate Thesis Series
|
| 856 |
4 |
0 |
|u https://ebookcentral.proquest.com/lib/matrademy/detail.action?docID=31377007
|z Click to View
|